Brecht y el Método
Uloženo v:
| Hlavní autor: | |
|---|---|
| Médium: | Kniha |
| Jazyk: | španělština |
| Vydáno: |
Buenos Aires
Manantial
2013
|
| Edice: | Bordes
|
| Témata: | |
| Tagy: |
Přidat tag
Žádné tagy, Buďte první, kdo vytvoří štítek k tomuto záznamu!
|
MARC
| LEADER | 00000cam a2200000 a 4500 | ||
|---|---|---|---|
| 001 | UCF7525 | ||
| 003 | CL-VaPUC | ||
| 008 | 130627e20130000AG |||||||||||||||||spa|d | ||
| 020 | |a 9789875001664 | ||
| 082 | 0 | 4 | |a 832.9 |b JAM |2 21 |
| 100 | |a Jameson, Fredric |e autor |9 611668 | ||
| 245 | 1 | 0 | |a Brecht y el Método |
| 300 | |a 269 p | ||
| 942 | |c BK | ||
| 945 | |d 20130627 00:00:00 |a dcastane | ||
| 260 | |a Buenos Aires |b Manantial |c 2013 | ||
| 650 | 0 | |a Estudios literarios |9 357019 | |
| 650 | 0 | |a Teatro alemán |9 265742 | |
| 650 | 0 | |a Crítica literaria |9 269189 | |
| 583 | |a last modification |c 20130627 13:18:00 |k Rodrigo Vera | ||
| 490 | 0 | |a Bordes | |
| 999 | |c 352348 |d 352346 | ||
| 952 | |0 0 |1 0 |4 0 |6 832_900000000000000_JAM_2013 |7 0 |8 A |9 456836 |a BIBEDU |b BIBEDU |d 2019-11-22 |i 498076K |o 832.9 JAM 2013 |p 498076K |r 2019-11-22 |w 2019-11-22 |y BK |k LIT | ||